| 000 | 00561nam a22001932 4500 | ||
|---|---|---|---|
| 001 | 0000001605 | ||
| 005 | 20170406113554.0 | ||
| 008 | 140120s xx 000 0 eng d | ||
| 020 |
_a9780813337340 : _c$ |
||
| 040 |
_aYour Holding Symbol _cYour Holding Symbol |
||
| 100 | 1 | _aRuiz,Eduardo.Ramon. | |
| 245 | 1 | 0 |
_aOn the rim of Mexico : _bencountrs of the rich and poor. |
| 250 | _a ed. | ||
| 260 |
_aWestview : _bPerseus books, _c2000. |
||
| 300 |
_a258 p. ; _c cm. |
||
| 504 | _aindex. | ||
| 650 | 0 | _aAmerican history. | |
| 908 | _a140120 | ||
| 999 |
_c1517 _d1517 |
||